00253nam a2200109Ia 4500008004100000100002100041245002700062260000900089650002100098942000700119999001700126190216s9999||||xx |||||||||||||| ||und|| aKeshavamenon K P 0aNavabharatha Shilpikal bNull aJeeva Charithram cBK c25175d25175